000 01027nam a22002897a 4500
001 BR8804684
003 BR-BrBNA
005 20230928092959.0
007 ta
008 230509b bl.||||| |||| 00| 0 por d
040 _aBR-BrBNA
_bpor
_cBiblioteca Nacional de Agricultura
041 _a(Por)
072 _aF03
_b1190
_b3575
090 _ 1190 BR8804684
100 1 _aCunha, M. do C.L.
110 1 _aUniversidade Federal de Vicosa, MG (Brasil)
_0Tese (Magister Scientiae)
245 1 _aEstudo de preservacao do poder germinativo de sementes, enraizamento de estacas e anatomia da rizogenese em Eugenia dysenterica DC.
260 3 _aVicosa, MG (Brasil):
_c1986.
300 _a95 p.
500 _a31 illus.; 15 tables; Bibliography p. 85-95 (115 ref.); Summary (Por). (*) Documento disponível na(o) Universidade Federal de Vicosa, MG (Brazil)
650 _aCAGAITA
650 _aSEMENTE
650 _aPODER GERMINATIVO
650 _aENRAIZAMENTO DE ESTACA
909 _a202309
_bLucia
_c55
_dLucia Elande
942 _cBK
999 _c42340
_d42340